000 00331nam a2200133 i 4500
001 bg
100 1 _aZADĘCKI, Janusz
245 0 _aStruktura produkcji i jej wpływ na ekonomikę /
_cJanusz Zadęcki.
260 _aWarszawa,
_c1978.
040 _cBPK
041 _apol
942 _cKS
008 s pl f |000 0 pol
999 _c18032
_d18032
856 _uhttp://koha.tu.koszalin.pl/cgi-bin/koha/opac-detail.pl?biblionumber=18032
_yKatalog online BPK